| 000 | 00602cam a2200217 a 4500 | ||
|---|---|---|---|
| 001 | 4398204 | ||
| 005 | 20250118135840.0 | ||
| 008 | 920819s1993 pau 001 0 eng c | ||
| 020 | _a0874345413 | ||
| 050 | 0 | 0 |
_aR551 _b.G95 1993 |
| 082 | 0 | 0 |
_a615/.1/03 _220 |
| 245 | 0 | 0 | _aGuide to drug names and classifications. |
| 260 |
_aSpringhouse, Pa. : _bSpringhouse Corp., _cc1993. |
||
| 300 |
_a202 p. ; _c21 cm. |
||
| 500 | _aIncludes index. | ||
| 650 | 0 |
_aDrugs _xTerminology. |
|
| 650 | 2 |
_aDrugs _xclassification. |
|
| 650 | 2 | _aNomenclature. | |
| 710 | 2 | _aSpringhouse Corporation. | |
| 942 |
_2lcc _cBK _n0 |
||
| 999 |
_c2669 _d2669 |
||